| 000 | 00523cam a2200193ua 4500 | ||
|---|---|---|---|
| 001 | 87 | ||
| 008 | 110316n ii |||gr||||Z||||||eng | ||
| 020 | _a81-7371-4908 | ||
| 040 | _cMAIN | ||
| 082 | _a005 | ||
| 245 |
_aC: An advance introduction. : _bAnsi C edition. / _cBy Narain Gehani. |
||
| 250 | _a1st. | ||
| 260 |
_aNew Delhi.: _bUniversities Press., _c2004. |
||
| 300 |
_axiii,261 p.: _bill.; _c20 cm. |
||
| 653 | _aComputer Science. | ||
| 653 | _aC: An advance introduction. | ||
| 700 | 1 | _aGehani, Narain., | |
| 942 | _cBK | ||
| 999 |
_c78 _d78 |
||